| 000 | 00629cab a2200193 4500 | ||
|---|---|---|---|
| 001 | WB2337-06 | ||
| 008 | 090401t1987 xxu||||| |||| 00| 0 eng d | ||
| 035 | _a(Sirsi) u494 | ||
| 041 | _aeng | ||
| 245 | _aStudy on construction arrangements for Channel Tunnel | ||
| 260 | _c1987 | ||
| 350 | _a0 | ||
| 490 |
_aContract Journal _vvol 339 no 5630, 10/9/87 p2 |
||
| 520 | _aIn the second of its independently produced reports on the fixed link, Warburg Securities believes that the project will be completed on schedule and to budget. | ||
| 650 | _aEUROTUNNEL | ||
| 690 | _aBUILT ENVIRONMENT | ||
| 942 | _n0 | ||
| 948 | _c04/03/1997 | ||
| 999 |
_c221 _d221 |
||